Teaching Business English with the Support of Weblogs
Používanie weblogov ako formy doplnku k tradičnému prezenčnému vyučovaniu. Ich vplyv na rozvoj zručností písania v obchodnej angličtine. Vyzdvihnutie pozitívneho vplyvu weblogu na zlepšenie zručností v písaní a na motiváciu študentov venovať sa písaniu príspevkov v cudzom jazyku.
Gespeichert in:
| 1. Verfasser: | |
|---|---|
| Weitere Verfasser: | |
| Format: | Buchkapitel |
| Sprache: | Englisch |
| Schlagworte: | |
| Tags: |
Keine Tags, Fügen Sie das erste Tag hinzu!
|
MARC
| LEADER | 00000naa a2200000 4500 | ||
|---|---|---|---|
| 001 | 0278477 | ||
| 005 | 20240502083844.1 | ||
| 041 | 0 | |a eng | |
| 044 | |a ME | ||
| 245 | 1 | 0 | |a Teaching Business English with the Support of Weblogs |c Eva Stradiotová, Radoslav Štefančík |
| 520 | |a Používanie weblogov ako formy doplnku k tradičnému prezenčnému vyučovaniu. Ich vplyv na rozvoj zručností písania v obchodnej angličtine. Vyzdvihnutie pozitívneho vplyvu weblogu na zlepšenie zručností v písaní a na motiváciu študentov venovať sa písaniu príspevkov v cudzom jazyku. | ||
| 610 | 2 | 0 | |a jazyk obchodný |
| 610 | 2 | 0 | |a angličtina |
| 610 | 2 | 0 | |a nástroje marketingové |
| 610 | 2 | 0 | |a technológie informačné |
| 610 | 2 | 0 | |a technológie komunikačné |
| 610 | 2 | 0 | |a technológie nové |
| 610 | 2 | 0 | |a blogy |
| 100 | 1 | |a Stradiotová, Eva, 1963- | |
| 700 | 1 | |a Štefančík, Radoslav, 1976- | |